Sports Quiz

Random Sports or NHL Quiz

Buffalo Sabres Top 5 Playoff Points by Season Quiz Stats

Quiz not verified by Sporcle

Challenge
Share
Tweet
Embed
Score 0/145 Timer 10:00
0 Plays Today
Hint Answer % Correct
1995Pat LaFontaine
96.9%
1993Pat LaFontaine
96.9%
1992Pat LaFontaine
96.9%
1982Gilbert Perreault
93.8%
1981Gilbert Perreault
93.8%
1980Gilbert Perreault
93.8%
1977Gilbert Perreault
93.8%
1976Gilbert Perreault
93.8%
1975Gilbert Perreault
93.8%
1985Gilbert Perreault
93.8%
1983Gilbert Perreault
93.8%
1973Gilbert Perreault
93.8%
1978Gilbert Perreault
93.8%
2011Thomas Vanek
93.3%
2010Thomas Vanek
93.3%
2007Thomas Vanek
93.3%
2007Daniel Briere
91.6%
2006Daniel Briere
91.6%
1995Alexander Mogilny
88.4%
1994Alexander Mogilny
88.4%
1993Alexander Mogilny
88.4%
1991Alexander Mogilny
88.4%
2010Jason Pominville
87.1%
2007Jason Pominville
87.1%
1980Rick Martin
86.7%
1976Rick Martin
86.7%
1975Rick Martin
86.7%
1973Rick Martin
86.7%
1978Rick Martin
86.7%
1979Rick Martin
86.7%
2006Derek Roy
84.9%
2001Miroslav Satan
84%
2000Miroslav Satan
84%
1991Benoit Hogue, Pierre Turgeon
82.2%
1989Pierre Turgeon
82.2%
1990Pierre Turgeon
82.2%
1990Dave Andreychuk
82.2%
1988Dave Andreychuk
82.2%
1988Pierre Turgeon
82.2%
1985Dave Andreychuk
82.2%
2007Chris Drury
81.8%
2006Chris Drury
81.8%
1989Phil Housley
80.4%
1990Phil Housley
80.4%
1988Phil Housley
80.4%
1983Phil Housley
80.4%
1977René Robert
79.6%
1976René Robert
79.6%
1975René Robert
79.6%
Hint Answer % Correct
1973René Robert
79.6%
1979René Robert
79.6%
1994Dale Hawerchuk
75.6%
1993Dale Hawerchuk
75.6%
1992Dale Hawerchuk
75.6%
1991Dale Hawerchuk
75.6%
1999Michael Peca
74.7%
2007Maxim Afinogenov
73.3%
1980Danny Gare
73.3%
1976Danny Gare
73.3%
1975Danny Gare
73.3%
1978Danny Gare
73.3%
1999Alexei Zhitnik
66.7%
2011Tyler Myers
66.2%
2011Tyler Ennis
65.8%
2010Tyler Ennis
65.8%
1989Mike Foligno
64.4%
1982Mike Foligno
64.4%
2006Tim Connolly
64.4%
1984Mike Foligno
64.4%
1992Brad May
63.6%
1982Craig Ramsay, Mike Ramsey, Ric Seiling
61.8%
2001Donald Audette
59.1%
1998Donald Audette
59.1%
1997Donald Audette
59.1%
1980Derek Smith
57.3%
1978Derek Smith
57.3%
1983Mike Ramsey
56.9%
2001J.P. Dumont
55.6%
2006J.P. Dumont
55.6%
2001Stu Barnes
54.2%
2000Curtis Brown
54.2%
2000Stu Barnes
54.2%
1999Curtis Brown
54.2%
1998Matthew Barnaby
52.9%
1997Derek Plante
52.9%
1998Brian Holzinger
51.1%
1997Brian Holzinger
51.1%
1995Doug Bodger
50.7%
1994Doug Bodger
50.7%
1993Doug Bodger
50.7%
1990Doug Bodger
50.7%
1985Ric Seiling
50.7%
1988Christian Ruuttu
49.8%
1997Michal Grosek
46.7%
1976Don Luce
46.7%
1975Don Luce
46.7%
1979Don Luce
46.7%
1999Dixon Ward
45.8%
Hint Answer % Correct
1998Dixon Ward
45.8%
1988John Tucker
45.8%
1985John Tucker
45.8%
1984John Tucker
45.8%
1981John Van Boxmeer
45.3%
1985Lindy Ruff
45.3%
1984Lindy Ruff
45.3%
1983Lindy Ruff
45.3%
2000Jason Woolley
44%
1999Jason Woolley
44%
1998Jason Woolley
44%
2010Mike Grier
43.6%
2001Chris Gratton
41.8%
1989Rick Vaive
41.3%
1977Jerry Korab
41.3%
1990Rick Vaive
41.3%
1978Jerry Korab
41.3%
2000Geoff Sanderson
39.6%
1977Jim Lorentz
38.7%
1973Jim Lorentz
38.7%
1995Jason Dawe
38.2%
1981Andre Savard
37.8%
1979Andre Savard, Dave Schultz
37.8%
1981Tony McKegney
36.9%
1997Randy Burridge
36.4%
1994Yuri Khmylev
36%
1993Yuri Khmylev
36%
1973Jim Schoenfeld
36%
2011Rob Niedermayer
32.9%
1977Jocelyn Guevremont
31.6%
1982Dale McCourt
30.7%
1983Dale McCourt
30.7%
1979Rick Dudley
30.2%
1992Petr Svoboda
28.9%
2011Marc-Andre Gragnani
28%
1995Wayne Presley
28%
1994Wayne Presley
28%
1992Wayne Presley
28%
1982Yvon Lambert
28%
1980Richie Dunn
24.9%
2010Tim Kennedy
24.4%
1981Alan Haworth
22.2%
1984Gilles Hamel
21.8%
1991Grant Ledyard
20%
1989Grant Ledyard
20%
1984Sean McKenna
19.1%
1991Kevin Haller
17.8%

You're not logged in!

Compare scores with friends on all Sporcle quizzes.
Sign Up with Email
OR
Log In

You Might Also Like...

Show Comments

Extras

Top Quizzes Today


Score Distribution

Your Account Isn't Verified!

In order to create a playlist on Sporcle, you need to verify the email address you used during registration. Go to your Sporcle Settings to finish the process.